书目信息 |
| 题名: |
凯洛格论技术与创新
|
|
| 作者: | 萨赫尼, , 鲍利, , 格拉特, 编 ;沈正宁 译 | |
| 分册: | ||
| 出版信息: | 北京 中国劳动社会保障出版社 2004.09 |
|
| 页数: | 282页 | |
| 开本: | 23cm | |
| 丛书名: | 科文工商管理经典文库 | |
| 单 册: | ||
| 中图分类: | F062.4 | |
| 科图分类: | ||
| 主题词: | 技术革新--研究 | |
| 电子资源: | ||
| ISBN: | 7-5045-4619-4 | |
| 000 | 01556nam 2200349 450 | |
| 001 | 192004003625 | |
| 005 | 20070907165913.90 | |
| 010 | @a7-5045-4619-4@dCNY58.00 | |
| 100 | @a20070602d2004 ekmy0chiy0121 ea | |
| 101 | 1 | @achi@ceng |
| 102 | @aCN@b110000 | |
| 105 | @aak a 000yy | |
| 200 | 1 | @a凯洛格论技术与创新@Akai luo ge lun ji shu yu chuang xin@e未来十年技术和高新产业发展趋势@f(美) 兰杰·格拉特, 莫汉比尔·萨赫尼, 安东尼·鲍利编@d= Kellogg on Technology and Innovation@fRanjay Gulati, Mohanbir Sawhney, Anthony Paoni@g沈正宁译@zeng |
| 210 | @a北京@c中国劳动社会保障出版社@d2004.09 | |
| 215 | @a282页@c图@d23cm | |
| 225 | 2 | @a科文工商管理经典文库@Ake wen gong shang guan li jing dian wen ku@i管理前沿系列 |
| 300 | @a其他题名:未来十年技术和高新产业发展趋势 | |
| 300 | @a并列题名:Kellogg on Technology and Innovation | |
| 320 | @a有书目 | |
| 330 | @a本书的主要内容包括:半导体技术的未来、光纤网络、无线价值链及其基础架构、互动电视、无线应用、点对点计算等。 | |
| 410 | 0 | @12001 @a科文工商管理经典文库 |
| 410 | 0 | @12001 @a管理前沿系列 |
| 510 | 1 | @aKellogg on Technology and Innovation@zeng |
| 517 | 1 | @a未来十年技术和高新产业发展趋势@Awei lai shi nian ji shu he gao xin chan ye fa zhan qu shi |
| 606 | 0 | @a技术革新@x研究 |
| 690 | @aF062.4@v4 | |
| 701 | 1 | @a萨赫尼,@Asa he ni@bM.@g(Sawhney, Monanbir)@e美@4编 |
| 701 | 1 | @a鲍利,@Abao li@bA.@g(Paoni, Anthony)@e美@4编 |
| 701 | 1 | @a格拉特,@Age la te@bR.@g(Gulati, Ranjay)@e美@4编 |
| 702 | 0 | @a沈正宁@Ashen zheng ning@4译 |
| 801 | 0 | @aCN@c20070907 |
| 905 | @dF062.4@eG278 | |
| 凯洛格论技术与创新:未来十年技术和高新产业发展趋势/(美) 兰杰·格拉特, 莫汉比尔·萨赫尼, 安东尼·鲍利编= Kellogg on Technology and Innovation/Ranjay Gulati, Mohanbir Sawhney, Anthony Paoni/沈正宁译.-北京:中国劳动社会保障出版社,2004.09 |
| 282页:图;23cm.-(科文工商管理经典文库.管理前沿系列) |
| 其他题名:未来十年技术和高新产业发展趋势.-并列题名:Kellogg on Technology and Innovation |
| ISBN 7-5045-4619-4:CNY58.00 |
| 本书的主要内容包括:半导体技术的未来、光纤网络、无线价值链及其基础架构、互动电视、无线应用、点对点计算等。 |
| ● |
| 相关链接 |
|
|
|
正题名:凯洛格论技术与创新
索取号:F062.4/G278
 
预约/预借
| 序号 | 登录号 | 条形码 | 馆藏地/架位号 | 状态 | 备注 |
| 1 | 620356 | 206203561 | 社科二线422/422社科库 31排4列4层/ [索取号:F062.4/G278] | 在馆 | |
| 2 | 620357 | 206203570 | 社科二线422/409社科库 65排1列1层/ [索取号:F062.4/G278] | 在馆 | |
| 3 | 620358 | 206203589 | 社科库409/409社科库 65排1列1层/ [索取号:F062.4/G278] | 在馆 |